Villes françaises par images de tramway - Statistiques

Statistiques générales
  • Ce quiz a été pris 36 fois
  • Le résultat moyen est 7 sur 20
Statistiques - réponses
Par images Réponse % Correct
Paris
72%
Strasbourg
72%
Lyon
53%
Montpellier
53%
Marseille
44%
Bordeaux
41%
Saint-Étienne
38%
Dijon
34%
Lille
34%
Nantes
34%
Angers
31%
Grenoble
28%
Le Mans
28%
Orléans
28%
Nice
25%
Reims
25%
Toulouse
25%
Caen
22%
Le Havre
22%
Rouen
16%
Aucun quiz correspondant
Distribution des résultats
% des personnes avec chaque résultat
Percentile par nombre de réponses
Votre historique - résultats
Vous n’avez pas pris ce quiz